000 00220nam a22000857a 4500
008 170208b xxu||||| |||| 00| 0 eng d
100 _92817
_aChoudhary.R.
245 _aConnect With General Knowledge
260 _aNew Delhi
_c2013
999 _c6032
_d6032